Mangas et anime - Quiz par lettre - M - Statistiques

Statistiques générales
  • Ce quiz a été pris 374 fois
  • Le résultat moyen est 11 sur 20
Statistiques - réponses
Indice Réponse % Correct
Manga dont le protagoniste est le jeune Izuku, surnommé Deku My Hero Academia
97%
Nom complet du héros de One Piece Monkey D. Luffy
95%
Auteur de mangas en japonais Mangaka
87%
Chef des fourmis chimères, dans Hunter x Hunter Meruem
83%
Dans Naruto, chef du clan Uchiwa co-fondateur de Konoha Madara
77%
Véhicule préféré de Kaneda dans Akira ou d'Onizuka dans GTO Moto
70%
Dans One Piece, quartier général de la Marine Marine Ford
69%
Nom de famille de Roy, dans FullMetal Alchemist Mustang
67%
Manga qui met en scène un jeune homme sans pouvoirs magiques mais à la force surhumaine Mashle
63%
Bande dessinée originaire de Corée Manhwa
57%
Manga de ONE sur le jeune Shigeo Kageyama et ses pouvoirs psychiques Mob Psycho 100
55%
Manga de Naoki Urasawa sur un neurochirugien en Allemagne et un mystérieux tueur en série Monster
55%
Protagoniste féminine de DanDaDan Momo Ayase
50%
Sous-genre de manga/anime mettant en scène des robots géants pilotés Mecha
44%
Sous-genre qui met en scène des jeunes filles aux pouvoirs magiques Magical Girl
42%
Berserk a été dessiné par Kentaro _____ Miura
35%
Dans Saint Seiya l'attaque phare de Seiya sont les ______ de Pégase Météores
31%
Corps céleste associé à Ami Mizuno, dans Sailor Moon Mercure
27%
Manga sur un père de famille devenant criminel pour sauver sa fille d'un yakuza My Home Hero
10%
C'est le nom français d'Umibozu, dans City Hunter Mammouth
10%
Aucun quiz correspondant
Distribution des résultats
% des personnes avec chaque résultat
Percentile par nombre de réponses
Votre historique - résultats
Vous n’avez pas pris ce quiz